1701 1496 1266 1535 1732 1762 1446 1450 1800 1767 1293 1962 1718 1224 1471 1964 1503 1723 1371 1335 1989 1581 1827 1383 1083 1027 1389 1838 1841 1301 1686 1484 1723 1960 1463 1197 1391 1887 1810 1845 1419 1269 1861 1915 1168 1013 1480 1044 1703 1297 1297 1619 1273 1906 1775 1976 1622 1001 1351 1184 1132 1373 1695 1815 1420 1564 1607 1406 1688 1964 1062 1656 1183 1166 1574 1053 1548 1317 1844 1640 1244 1983 1387 1733 1702 1537 1635 1449 1851 1353 1966 1130 1833 1757 1580 1942 1600 1677 1313 BCNSPRNW ULIB Ver.6.0+V

เปลี่ยนเป็นภาษาไทย

Change to English
 แสดงรายละเอียดบรรณานุกรม
  กลับหน้าหลัก

Brief Record : Get Marc (ISO 2709) : E-mail record : QR code < ปิดหน้าต่าง
LEADER : 00000nam 2200000uu 4500
001    13399128004
003     ULIB
008    211222s2557||||th 000 0 tha d
020    ^a9786162796159
050  4 ^aHF5549.5.J63^bอ148ก^cล.7
100 0  ^aอธิวัฒน์ เจี่ยวิวรรธน์กุล
245 10 ^aสรรสาระองค์กรแห่งความสุข เล่ม 7 กลยุทธ์ของงานสร้างสุข /^cหัวหน้าโครงการ, อธิวัฒน์ เจี่ยวิวรรธน์กุล; ผู้เขียน, ลลิดา มาไพศาลทรัพย์ ... [และคนอื่น ๆ ]
250    ^aพิมพ์ครั้งที่ 1
260    ^aกรุงเทพฯ :^bมหาวิทยาลัยมหิดล,^c2557,
300    ^a116 หน้า :^bภาพประกอบ ;^c21 ซม
490 1  ^aสรรสาระองค์กรแห่งความสุข ;^vล.1
500    ^aผู้แต่ง, ทิพวัลย์ รามรง, สิทธิพร กล้าแข็ง, ศราวุธ ทาคำ
500    ^aสนับสนุนโดย สำนักงานกองทุนสนับสนุนการสร้างเสริมสุขภาพ
505 0  ^aคำนำ -- ย่างก้าวสู่การเป็น "องค์กรแห่งความสุข"บทเรียนการขับเคลื่อนองค์กรสุขภาวะจากสภาอุตสาหกรรมจังหวัดฉะเชิงเทรา /ลลิดา มาไพศาลทรัพย์ -- "ตรังโมเดล" การขับเคลื่อนโครงการ HappyWorkplace ด้วยวงจร PDCA แบบครบวงจร / ทิพวัลย์ รามรง -- HappyMoney หนึ่งความสุขสำคัญขององค์กร / สิทธิพร กล้าแข็ง --การศึกษาดูงานเพื่อพัฒนาองค์กรแห่งความสุข / ศราวุธ ทาคำ
650  0 ^aJob satisfaction
650  4 ^aความสุขในการทำงาน
650  4 ^aความพอใจในการทำงาน
650  4 ^aคุณภาพชีวิตการทำงาน
700 0  ^aทิพวัลย์ รามรง
700 0  ^aสิทธิพร กล้าแข็ง
700 0  ^aศราวุธ ทาคำ
710 2  ^aมหาวิทยาลัยมหิดล.^bสถาบันแห่งชาติเพื่อการพัฒนาเด็กและครอบครัว.^bโครงการพัฒนากลไกทางวิชาการเพื่อสนับสนุนงานสร้างเสริมสุขภาวะองค์กร
710 2  ^aมหาวิทยาลัยมหิดล.^bคณะสังคมศาสตร์และมนุษยศาสตร์
710 2  ^aสำนักงานกองทุนสนับสนุนการสร้างเสริมสุขภาพ
830  0 ^aสรรสาระองค์กรแห่งความสุข ;^vล.7
945    ^p0^l0^i008602
999    ^aประนอม เกษจรัล
รายการนี้ยังไม่มีแท็ก
คุณยังไม่ได้ล็อกอิน คุณสามารถมีกิจกรรมร่วมกับเว็บไซต์ได้ แต่ต้องล็อกอินก่อน ::
  ล็อกอิน

รายการสื่อสารสนเทศ

ลำดับที่ ประเภท เลขเรียก/บาร์โค้ด สถานที่ สถานะ
1. การศึกษาทั่วไป
หนังสือสำรอง
สถานะ=หนังสือสำรอง
HF5549.5.J63 อ148ก ล.7 ฉ.1 
  Barcode: 008602
ห้องสมุดวิทยาเขตสวรรค์ประชารักษ์
►หนังสือทั่วไป
บนชั้น

รายการใกล้เคียง
    ผู้แต่ง [อธิวัฒน์ เจี่ยวิวรรธน์กุล]

    หัวเรื่อง [Job satisfaction]
    หัวเรื่อง [ความสุขในการทำงาน]
    หัวเรื่อง [ความพอใจในการทำงาน]
    หัวเรื่อง [คุณภาพชีวิตการทำงาน]

BibComment


ยังไม่เคยถูกคอมเมนท์

คอมเมนท์ทรัพยากรรายการนี้
  คอมเมนท์: สรรสาระองค์กรแห่..


 Copyright 2026. Bcnsprnw @Library